000 00720nam a2200205Ii 4500
003 JO-AjNU
008 230605s9999||||xx |||||||||||||| ||und||
040 _aJO-AjNU
_bara
_erda
_cJO-AjNU
041 _aara
050 1 4 _aQA76.Y3698 1989
100 3 _aياق ، يوسف اوراها، م مشارك احمد عبد الناصر,
_eauthor
_939561
245 0 0 _aالمقدمة الغنية في الحاسبات الالكترونية
250 _aط1
264 3 1 _aالاعظمية,مركز الفارابي ،1989
300 _a520ص
336 _atext
_btxt
_2rdacontent
337 _aunmediated
_bn
_2rdamedia
338 _avolume
_bnc
_2rdacarrier
650 4 _aالحاسبات الالكترونية
_939562
999 _aA16718
_c20286
_d20286